Cẩm nang chữ Hán - âm ngoại lai - Romaji trong tiếng Nhật hiện đại /

Na minha lista:
Detalhes bibliográficos
Autor principal: Hà Vạn.
Formato: Sách giấy
Publicado em: Tp. Hồ Chí Minh : Tổng hợp, 2016.
Assuntos:
Tags: Adicionar Tag
Sem tags, seja o primeiro a adicionar uma tag!
Thư viện lưu trữ: Thư viện Trường Đại học Đà Lạt
LEADER 00844nam a2200313 4500
001 DLU170180549
005 ##20170822
020 # # |a 9786045852620 
040 # # |a DLU  |b vie 
041 # # |a viejap 
044 # # |a vn 
082 # # |a 495.68  |b HA-V 
100 # # |a Hà Vạn. 
245 # # |a Cẩm nang chữ Hán - âm ngoại lai - Romaji trong tiếng Nhật hiện đại /  |c Hà Vạn. 
260 # # |a Tp. Hồ Chí Minh :  |b Tổng hợp,  |c 2016. 
300 # # |a 150 tr. ;  |c 24 cm. 
505 # # |a Phần 1. Chữ Hán -- Phần 2. Âm ngoại lai -- Phần 3. Romaji. 
650 # # |a Tiếng Nhật  |x Cách viết. 
923 # # |a 05/2016 
991 # # |a SH 
992 # # |a 98000 
994 # # |a DLU 
900 # # |a True 
911 # # |a Nguyễn Thanh Hương 
925 # # |a G 
926 # # |a A 
927 # # |a SH 
980 # # |a Thư viện Trường Đại học Đà Lạt